| 000 | 01740nam a2200397Ia 4500 | ||
|---|---|---|---|
| 001 | ebr10601782 | ||
| 003 | CaPaEBR | ||
| 006 | m u | ||
| 007 | cr cn||||||||| | ||
| 008 | 050623s2005 at ab sb 001 0aeng d | ||
| 010 | _z 2005415494 | ||
| 020 | _z1877058297 | ||
| 020 | _z9781877058295 | ||
| 020 | _z9781921719646 | ||
| 040 |
_aCaPaEBR _cCaPaEBR |
||
| 035 | _a(OCoLC)815476344 | ||
| 050 | 1 | 4 |
_aD630.R36 _bA3 2005eb |
| 082 | 0 | 4 |
_a940.3092 _222 |
| 100 | 1 |
_aRamsay, Roy, _d1896-1989. |
|
| 245 | 1 | 0 |
_aHell, hope and heroes _h[electronic resource] : _blife in the field ambulance in World War I : the memoirs of Private Roy Ramsay, AIF / _cedited by his son Ron J. Ramsay. |
| 260 |
_aDural, N.S.W : _bRosenberg Pub., _c2005. |
||
| 300 |
_a272 p. : _bill., maps. |
||
| 504 | _aIncludes bibliographical references and index. | ||
| 533 |
_aElectronic reproduction. _bPalo Alto, Calif. : _cebrary, _d2011. _nAvailable via World Wide Web. _nAccess may be limited to ebrary affiliated libraries. |
||
| 600 | 1 | 0 | _aRamsay, Roy. |
| 610 | 1 | 0 |
_aAustralia. _bAustralian Army. _bAustralian Imperial Force (1914-1921). _bAustralian Field Ambulance, 3rd. |
| 610 | 1 | 0 |
_aAustralia. _bAustralian Army _xTransport of sick and wounded. |
| 650 | 0 |
_aWorld War, 1914-1918 _xMedical care _zAustralia. |
|
| 650 | 0 |
_aWorld War, 1914-1918 _xMedical care _zEurope, Western. |
|
| 650 | 0 |
_aWorld War, 1914-1918 _vPersonal narratives, Australian. |
|
| 650 | 0 |
_aSoldiers _zAustralia _vBiography. |
|
| 655 | 7 |
_aElectronic books. _2local |
|
| 700 | 1 |
_aRamsay, Ron J. _q(Ronald James), _d1938- |
|
| 710 | 2 | _aebrary, Inc. | |
| 856 | 4 | 0 |
_uhttp://site.ebrary.com/lib/rucke/Doc?id=10601782 _zAn electronic book accessible through the World Wide Web; click to view |
| 999 |
_c98276 _d98276 |
||